Manual de tecnología quesera /

Guardado en:
Autor Principal: Zehren, Vicent Leo
Formato: Libro
Publicado: Montevideo : Laboratorio Tecnológico, 1976
Materias:
Etiquetas: Agregar Etiqueta
Sin Etiquetas, Sea el primero en etiquetar este registro!
LEADER 00512nam a22001695a 4500
001 CEM.cems016253
005 20100805175400.0
008 130507s1976##################000#0#####d
003 CEMS
082 0 4 |a 637.3 
100 1 |a Zehren, Vicent Leo 
245 1 0 |a Manual de tecnología quesera /  |c Vicent Leo Zehren, 
260 |a Montevideo :  |b Laboratorio Tecnológico,  |c 1976 
300 |a 175 p. 
653 |a Industrias lácteas 
653 |a Queso-tipos 
859 |a CEMS  |b BIB. CEMS - Agricultura  |h 637.3  |i Z31  |p A11513.82  |t Ej.1  |v 1  |3 Vol. 1